Star Academy (Saisons 1 à 12) - Candidats Photos - Statistiques

Statistiques générales
  • Ce quiz a été pris 184 fois
  • Le résultat moyen est 26 sur 48
Statistiques - réponses
Par images Réponse % Correct
Grégory (Saison 4)
93%
Marine (Saison 12)
92%
Axel (Saison 11)
90%
Helena (Saison 11)
90%
Louis (Saison 10)
90%
Margot (Saison 11)
90%
Maia (Saison 12)
89%
Lucie (Saison 4)
88%
Masséo (Saison 12)
88%
Ulysse (Saison 12)
87%
Victorien (Saison 11)
85%
Enola (Saison 10)
83%
Karima (Saison 4)
80%
Jean Pascal (Saison 1)
78%
Paola (Saison 10)
70%
Aurélie (Saison 2)
63%
Stanislas (Saison 10)
63%
Houcine (Saison 2)
60%
Sofia (Saison 3)
58%
Jérémy (Saison 5)
54%
Olivia (Saison 1)
53%
Cyril (Saison 6)
52%
Emma (Saison 2)
50%
Carine (Saison 1)
49%
Laurène (Saison 9)
47%
Mathieu (Saison 7)
41%
Morganne (Saison 3)
41%
Fabien (Saison 2)
39%
John (Saison 4)
39%
Romain (Saison 3)
37%
Mickels (Saison 8)
36%
Jill (Saison 5)
35%
Lukas (Saison 3)
35%
Alice (Saison 8)
34%
Djalil (Saison 1)
33%
Dominique (Saison 6)
33%
Alexia (Saison 5)
32%
Arno (Saison 5)
32%
Brice (Saison 6)
32%
Lucie (Saison 7)
32%
Daniel (Saison 9)
30%
Gautier (Saison 8)
30%
Sidoine (Saison 9)
30%
Vanina (Saison 9)
30%
Joanna (Saison 8)
29%
Elfy (Saison 6)
27%
Pierre (Saison 7)
27%
Maureen (Saison 7)
26%
Aucun quiz correspondant
Distribution des résultats
% des personnes avec chaque résultat
Percentile par nombre de réponses
Votre historique - résultats
Vous n’avez pas pris ce quiz